Top 10 biggest province in Thailand - Statistics

General Stats
  • This quiz has been taken 5 times
  • The average score is 4 of 10
Answer Stats
Hint Answer % Correct
4 Ubon Ratchathani
100%
1 Chiang mai
50%
3 Kanchanaburi
50%
10 Lampang
50%
2 Nakorn Ratchasima
50%
6 Surat Thani
50%
5 Tak
50%
7 Chaiyaphum
0%
8 Mae Hong Son
0%
9 Phetchabun
0%
No matching quizzes found
Score Distribution
Percent of People with Each Score
Percentile by Number Answered
Your Score History
You have not taken this quiz